00747nam a2200265 a 4500001001300000003000900013005001700022008004100039020001000080082002200090100002300112245004400135260002700179300000900206500003500215505001000250650001300260650001600273650001400289700002300303902000800326942000700334952012300341999001700464nice12345678IN_TiNIC20260116013927.0050524s1997 dela grp 000 0 eng  ac60000a306.0899145bSHA2 aShabbir Mohammad,  aB.R.Ambedkarb Study in Law and Society aDelhibRawat Pubc1997 a399p aincludes index and biblioraphy2 aIndex aAmbedkar aCaste-India aLaw-India1 aShabbir Mohammad,  bSRS cBK 001040708StackRoom-aHMIbHMId2007-04-02g600.00l0o306.0899145 SHA2p017559r2007-04-02v600.00w2005-05-24yBK c13139d13139